6 Metropolitan Cities of Nepal - Statistics

General Stats
  • This quiz has been taken 31 times
  • The average score is 5 of 6
Answer Stats
Districts Answer % Correct
Kathmandu Kathmandu
95%
Lalitpur Lalitpur
84%
Kaski Pokhara
84%
Chitwan Bharatpur
79%
Morang Biratnagar
68%
Parsa Birgunj
68%
No matching quizzes found
Score Distribution
Percent of People with Each Score
Percentile by Number Answered
Your Score History
You have not taken this quiz